Statistiques concernant Composition arsenal les invincibles

Cliquez ici pour prendre le quiz!

Statistiques générales

  • Ce quiz a été pris 472 fois
  • Le résultat moyen est 7 sur 12

Statistiques - réponses

NuméroJoueur% Correct
14Henry
99%
EntraîneurWenger
85%
4 (cap)Vieira
83%
7Pirès
78%
10Bergkamp
70%
23Campbell
57%
3Cole
51%
1Lehmann
51%
28Touré
30%
19Silva
25%
8Ljungberg
24%
12Lauren
18%

Distribution des résultats

Percentile par nombre de réponses

% des personnes avec chaque résultat

Votre développement - résultats

Vous n’avez pas pris ce quiz